Представление документа в формате MARC21

Поле Инд. ПП Название Значение
Тип записи a
Библиографический уровень b
001 Контрольный номер fffdadfbc6444d6281b7c4dcb0dc7c2d
005 Дата корректировки 20241212111531.6
024 80 a Стандартный номер 10.52531/1682-1696-2024-24-3-93-101
040 a Служба первич. каталог. РИНЦ
b Код языка каталог. rus
041 0_ a Код языка текста rus
097 a Садовникова Л.В.
100 1_ a Автор Шамаева Е. Ф.
c Титул (звания) доцент (ученое звание); кандидат технических наук; доцент (должность)
i 100089614
g Прочие сведения Scopus Author ID: 57196119253 (https://www.scopus.com/authid/detail.uri?authorId=57196119253)
k Кафедра геоинформационных систем и технологий; Институт системного анализа и управления
q Полное имя Шамаева Екатерина Федоровна
u Дополнение Шамаева Е. Ф.
100 1_ a Автор Брюхова Е. М.
100 1_ a Автор Попов Е. Б.
100 1_ a Автор Сайдумов М. С.
245 10 a Заглавие Становление и развитие систем сетевого планирования и управления: опыт выдающихся советских ученых С. П. Никанорова и П .Г. Кузнецова
773 18 t Название источника Вестник РАЕН
b Сведения об издании Российская академия естественных наук
c Москва
d Место и дата издания 2024
m Специф. данные журнал из перечня ВАК; ненулевой импакт-фактор
q ВАК 2023
o Прочие индексы РИНЦ 0.255
x ISSN 1682-1696
g Прочая информация Т. 24. - № 3. - С. 93 - 101
w Контрольный № источника 0bed862d53314912b50eea19a11311b9
856 40 u URL https://elibrary.ru/item.asp?id=69181786
901 t Тип документа b
952 c Вид литературы статья в журнале